000 01253nam a22004097a 4500
001 0024446
003 KOHA_MİRAKIL
005 20260207002439.0
007 ta
008 101112b2006 tu |||gr||||#||||1|tur |
020 _a9755918973
_q
_c8,1300000000000008
040 _aTR-BiSEU
_btur
_cTR-BiSEU
_erda
041 0 _atur
044 _ctu
050 _aPL216
_b.Y55 2006
100 1 _aYıldız, Saadettin.
245 1 _aTanzimat dönemi edebiyatı/
_cSaadettin Yıldız ; Saadettin Yıldız .
246 _aHamit Dulun
250 _a2. baskı
264 1 _aAnkara :
_bNobel Yayın Dağıtım
_c2006
300 _a257 sayfa; 24 cm.
336 _ametin
_btxt
_2rdacontent
337 _aaracısız
_bn
_2rdamedia
338 _acilt
_bnc
_2rdacarrier
490 1 _aNobel yayın ;
_vno.
490 1 _a912.
490 1 _aEğitim yayınları dizisi ;
_vno.
490 1 _a236
500 _aKaynakça ve dizin var.
650 0 _aTurkish literature--19th century--History and criticism.
_949910
650 0 _aTürk edebiyatı--19. yy.--Tarih ve eleştiri.
_949911
830 1 _aNobel yayın ;
_vno.
_91510
830 1 _a912.
_949912
830 1 _aEğitim yayınları dizisi ;
_vno.
_949913
830 1 _a236
_910653
942 _2lcc
_cBK
999 _c24398
_d24398